| 000 | 01321nam0a22002291 4500 | ||
|---|---|---|---|
| 001 | rc\840304 | ||
| 005 | 20250622012529.0 | ||
| 035 | _a(NLR Aleph) 006021815 | ||
| 090 |
_a7435917 _c7435917 |
||
| 100 | _a20041129d1984 |||y0rusy50 ca | ||
| 101 | 0 | _arus | |
| 102 | _aRU | ||
| 105 | _ay ||||||||| | ||
| 200 | 1 |
_aМетодическая разработка по изучению терминологии в области содержания жилых зданий и проведению тематических дискуссий со специалистами жилищно-эксплуатационных и проектных организаций _fМ-во жил.-коммун. хоз-ва УССР, Ин-т повышения квалификации руководищих работников и специалистов, Каф. эксплуатации зданий и сооружений _g[Сост. к. т. н. доц. В.П. Кукса и др.] |
|
| 210 |
_aКиев _cИзд-во ин-та повышения квалификации и переподгот. работников образования _d1984 |
||
| 215 |
_a23 с. _d20 |
||
| 320 | _aБиблиогр.: с. 21-22 | ||
| 801 | 0 |
_aRU _bNLR _gpsbo |
|
| 801 | 1 |
_aRU _bELAR _2rusmarc |
|
| 852 |
_aNLR _j85-4/16295 |
||
| 942 | _cBOOK | ||
| 980 | _aNB | ||